01005nam a22002177a 450000500170000000700150001700800410003202000220007303500100009504000090010510000290011424501050014325600240024826000360027230000280030850602700033665000490060670000270065574000380068285600670072020240305165450.0cr|||| |||| 170619s2017 mx |||||s|||| 00||0 spa d a978-607-629-027-9 a20360 avLex1 aPérez Chávez, José10aPractiagenda Laboral 2017h[Recurso electrónico] /cJosé Pérez Chávez, Raymundo Fol Olguín aServicio en línea aMexico DF:bTax Editores,c2017 a1 recurso electrónico1 aDisponible solo en los productos indicadosdvLex GlobaldvLex Global (Academic Edition, excluding Law Schools)dvLex Global (U.S. Academic Edition, Law Schools)dvLex Global (U.S. Academic Edition, excluding Law Schools)dvLex Global (Academic Edition, Law Schools)04aDerecho Laboral y Seguridad SocialzMéxico1 aFol Olguín, Raymundo0 avLex Libros (Servicio en línea)40uhttps://app.vlex.com/#/sources/practiagenda-laboral-2017-20360